[Event "Mecklenburg VP LL2 Ost 1819"]
[Site "Mecklenburg VP"]
[Date "2019.02.24"]
[Round "6.4"]
[White "Dittschlag, Lothar"]
[Black "Horch, Helmut"]
[Result "0-1"]
[WhiteElo "1630"]
[BlackElo "1760"]
[PlyCount "86"]
[EventDate "2018.10.21"]
[EventType "team-tourn"]
[EventRounds "9"]
[EventCountry "GER"]
[SourceTitle "EXT 2022"]
[Source "ChessBase"]
[SourceDate "2021.10.06"]
[SourceVersion "1"]
[SourceVersionDate "2021.10.06"]
[SourceQuality "1"]
[WhiteTeam "Ribnitz Damgarten"]
[BlackTeam "Binz Therme Ruegen"]
[WhiteTeamCountry "GER"]
[BlackTeamCountry "GER"]

1. e4 e6 2. Nf3 d5 3. exd5 exd5 4. d4 Nf6 5. Bg5 Be7 6. Bd3 0-0 7. 0-0 Ne4 8. Bxe7 Qxe7 9. Bxe4 dxe4 10. Ne5 f6 11. Nc4 Be6 12. Qe2 Qb4 13. b3 f5 14. c3 Qe7 15. Nbd2 Nd7 16. f3 b5 17. fxe4 fxe4 18. Ne3 c6 19. Nxe4 Bxb3 20. axb3 Qxe4 21. Qd2 Nf6 22. Rae1 Nd5 23. Nf5 Qg4 24. h3 Qg6 25. Re5 Rae8 26. Qe1 Rxe5 27. Qxe5 Re8 28. Qg3 Qxg3 29. Nxg3 Nxc3 30. Rc1 Re3 31. Nf5 Ne2+ 32. Kf2 Nxc1 33. Kxe3 Nxb3 34. Ne7+ Kf7 35. Nxc6 a5 36. Na7 b4 37. Nc6 Ke6 38. Ke4 Kd6 39. d5 Kc5 40. Ke5 a4 41. Ke6 a3 42. d6 Kxc6 43. d7 Nc5+ 0-1

[Event "Mecklenburg VP LL2 Ost 1718"]
[Site "Mecklenburg VP"]
[Date "2018.04.08"]
[Round "8.3"]
[White "Dittschlag, Lothar"]
[Black "Grossmann, Piet"]
[Result "1/2-1/2"]
[WhiteElo "1646"]
[BlackElo "1654"]
[PlyCount "115"]
[EventDate "2017.10.08"]
[EventType "team-tourn"]
[EventRounds "9"]
[EventCountry "GER"]
[SourceTitle "EXT 2022"]
[Source "ChessBase"]
[SourceDate "2021.10.06"]
[SourceVersion "1"]
[SourceVersionDate "2021.10.06"]
[SourceQuality "1"]
[WhiteTeam "Ribnitz Damgarten"]
[BlackTeam "Torgelow Droegeheide II"]
[WhiteTeamCountry "GER"]
[BlackTeamCountry "GER"]

1. e4 e6 2. Nc3 d5 3. d4 dxe4 4. Nxe4 Nd7 5. Nf3 Ngf6 6. Bg5 Be7 7. Nxf6+ Nxf6 8. Bd3 0-0 9. 0-0 b6 10. Bxf6 Bxf6 11. Be4 Rb8 12. Qd3 h6 13. Rad1 Qe7 14. Ne5 Bxe5 15. dxe5 Bb7 16. Bxb7 Rxb7 17. Rd2 c5 18. Rfd1 Rc7 19. c4 Re8 20. Qe4 Rec8 21. Rd6 g6 22. Qe3 Kg7 23. R1d3 Rb8 24. Qd2 Rbb7 25. Rh3 Qg5 26. Qxg5 hxg5 27. g4 Rd7 28. Rhd3 Rxd6 29. Rxd6 Kf8 30. Kg2 Ke7 31. Kf3 f5 32. Rd3 Rb8 33. Ra3 Ra8 34. Kg2 Kf7 35. Rh3 Rg8 36. Rh7+ Rg7 37. Rxg7+ Kxg7 38. f3 Kf7 39. Kf2 fxg4 40. fxg4 Ke8 41. Ke3 Ke7 42. Kd3 Kd7 43. Kc3 Kc7 44. a3 a6 45. b4 cxb4+ 46. axb4 Kc6 47. Kd4 a5 48. b5+ Kd7 49. c5 bxc5+ 50. Kxc5 Kc7 51. b6+ Kb7 52. Kb5 a4 53. Kxa4 Kxb6 54. Kb4 Kc6 55. Kc4 Kb6 56. Kb4 Kc6 57. Kc4 Kb6 58. Kb4 1/2-1/2

[Event "MVP-ch Seniors op 14th"]
[Site "Binz"]
[Date "2014.11.27"]
[Round "3"]
[White "Willin, Bernhard"]
[Black "Dittschlag, Lothar"]
[Result "1/2-1/2"]
[WhiteElo "1776"]
[BlackElo "1589"]
[PlyCount "100"]
[EventDate "2014.11.25"]
[EventType "swiss"]
[EventRounds "9"]
[EventCountry "GER"]
[SourceTitle "EXT 2016"]
[Source "ChessBase"]
[SourceDate "2015.10.08"]
[SourceVersion "1"]
[SourceVersionDate "2015.10.08"]
[SourceQuality "1"]

1. e4 e5 2. Nf3 Nc6 3. d4 exd4 4. Nxd4 Qf6 5. Be3 Bc5 6. c3 Nge7 7. a4 0-0 8. Nxc6 Qxc6 9. Bxc5 Qxc5 10. Bd3 Ng6 11. 0-0 d6 12. Nd2 Nf4 13. Nb3 Qg5 14. Qf3 Bh3 15. g3 Bxf1 16. Bxf1 Ne6 17. Rd1 Qe7 18. h4 b6 19. Bb5 a5 20. Nc1 Rad8 21. Bc6 Nc5 22. Ne2 Nd7 23. Bd5 Ne5 24. Qf4 Kh8 25. Nd4 g6 26. Kg2 c5 27. Nb5 f5 28. exf5 Rxf5 29. Qe4 Qf8 30. f4 Nd7 31. Bc6 Nb8 32. Bd5 Re8 33. Qd3 Qe7 34. Rd2 Rf6 35. Bf3 Kg7 36. Nxd6 Ref8 37. Nc4 Re6 38. Ne5 Rff6 39. Nc4 Rf8 40. Bg4 Ref6 41. Re2 Qc7 42. Re5 Rd8 43. Rd5 Rxd5 44. Qxd5 Nc6 45. Bf3 Qd8 46. Qe4 Ne7 47. Qe5 Ng8 48. Kf2 Qe7 49. Qb8 Qf8 50. Qb7+ Qe7 1/2-1/2